000 00198nam a2200085Ia 4500
008 120527s9999 xx 000 0 und d
100 _aCormarck, H. David
245 _aEssential Histology
942 _cBK
999 _c27347
_d27347